Las Elecciones municipales : normas electorales y jurisprudencia comparada / [complilador: ] Antonio Subirachs Martínez ; con la colaboración de Lorenzo Cortina normas electorales y jurisprudencia comparada / [complilador:
ISBN:
84-01-37015-9
Descripción Física:
495 p. ; 22 cm
MARC
| LEADER | 00000nam a2200000Ia 4500 | ||
|---|---|---|---|
| 001 | 14126 | ||
| 008 | 160829s1979 xx 000 0 cat d | ||
| 020 | |a 84-01-37015-9 | ||
| 080 | |a M-4-129 | ||
| 245 | |a Las Elecciones municipales : |b normas electorales y jurisprudencia comparada / [complilador: |b ] Antonio Subirachs Martínez ; con la colaboración de Lorenzo Cortina | ||
| 260 | |a Esplugas de Llobregat : |b Plaza & Janes, |c 1979 | ||
| 300 | |a 495 p. ; |c 22 cm | ||
| 590 | |a Inclou jurisprudència. | ||
| 590 | |a Índexs | ||
| 650 | |a Eleccions locals |x Espanya |x Aspectes legals |9 34530 | ||
| 650 | |a Eleccions |x Dret i legislació |x Espanya |9 34531 | ||
| 700 | |a Subirachs Martínez, Antonio, comp. |9 34532 | ||
| 700 | |a Cortina, Lorenzo |9 34533 | ||
| 901 | |a Arxiu | ||
| 942 | |n 1 | ||
| 952 | |0 0 |1 0 |4 0 |6 M4129 |7 1 |9 46554 |a Arxiu |b Arxiu |d 2016-12-01 |l 0 |o M-4-129 |p 14126 |r 2016-12-01 00:00:00 |w 2016-12-01 |y ARXIU | ||
| 999 | |c 50347 |d 50347 | ||